The Essence of Chromatography

Enregistré dans:
Détails bibliographiques
Auteur principal: Poole, Colin F. (Auteur)
Format: Livre
Langue:anglais
Publié: Amsterdam : Elsevier, 2003
Tags: Ajouter un tag
Pas de tags, Soyez le premier à ajouter un tag!

MARC

LEADER 00000nam a22000003a 4500
001 stu89630
005 20150617225622.9
008 040819s2003----ne------------------eng-d
020 |a 0-444-50199-1 
040 |a STU  |b slo 
041 0 |a eng 
044 |a ne 
080 |a 543.544 
100 1 |a Poole, Colin F.  |4 aut 
245 1 |a The Essence of Chromatography 
260 |a Amsterdam :  |b Elsevier,  |c 2003 
300 |a 925 s. Tab.,grafy,lit.,index 
996 |b C97411  |c C*97411  |l CCII  |s P  |a 0  |w stu89630_0001